LIBRARY & INFORMATION CENTRE, KCAET, TAVANUR

ONLINE PUBLIC ACCESS CATALOGUE (OPAC)

Elements of biochemistry / (Record no. 7646)

MARC details
000 -LEADER
fixed length control field 00486cam a2200193ua 4500
020 ## - INTERNATIONAL STANDARD BOOK NUMBER
ISBN 81-7133-249-8
041 ## - LANGUAGE CODE
Language code of text/sound track or separate title eng
082 ## - DEWEY DECIMAL CLASSIFICATION NUMBER
Classification number 574.192
Item number SRI/EL
100 ## - MAIN ENTRY--AUTHOR NAME
Personal name Srivastava, H.S .
245 ## - TITLE STATEMENT
Title Elements of biochemistry /
250 ## - EDITION STATEMENT
Edition statement 3 /
260 ## - PUBLICATION, DISTRIBUTION, ETC. (IMPRINT)
Place of publication Meerut :
Name of publisher Rastogi Publications ,
Year of publication 1995.
300 ## - PHYSICAL DESCRIPTION
Number of Pages 272 ; .
500 ## - GENERAL NOTE
General note 19012-Scheme
942 ## - ADDED ENTRY ELEMENTS (KOHA)
Koha item type Books
Holdings
Withdrawn status Lost status Damaged status Home library Current library Shelving location Date acquired Full call number Accession Number Koha item type
      KAUAET KAUAET Scheme 07/04/2012 574.192 19012 Books
free website counter